=LDR 00000nam 2200000 4500 =001 INLIS000000000033844 =005 20130612135758 =008 ***********************************ind** =035 ##$$0010-061300000033844 =041 ##$$a ind =082 ##$$a 634. 4 =090 ##$$a 634. 4, Ruk, r =100 ##$$a Rukmana, Rahmat, H =245 ##$$a Rambutan komonitas unggulan dan prospek opribisnis, H. Rahmat Rukmana =260 ##$$a 2008 $b yogyakarta =300 ##$$a 80 hlm, ilus, 21 cm =650 ##$$a Perkebunan buah-buahan rambutan =850 ##$$a NBPNMAT